00416nam a2200133Ia 4500020001800000082001600018100002600034245005700060260004200117300000800159504002600167650004900193650004000242 a8170544874939 a305.8 MIS-D aMishra, Krishan Kumar 0aDalitothan mein Ambedkar gram vikas yojna ka prabhav aNew DelhibClassical Publishingc2008 a190 aincludes bibliography aScheduled Castes and Scheduled TribesvIndia aAmbdekar Gramin Vikas YojanavIndia